00988aam a2200349 450000500170000000800410001702000180005804100080007608200180008410000260010210000320012810000300016024500300019026000150022026000080023526000090024330000180025249000470027065000260031765000340034365000340037765000270041165000140043865000210045265000280047365000320050165000320053365000200056565000090058565000230059465000210061720250620125830.0150626b2013 xxu||||| |||| 00| 0 spa d a9789968542531 aESP a658.404 M741m aMondol López, Lenin aAmador Hernández, Gustavo aAcuña Cascante, Maureen aMi negocio: negocio tikwe aCosta Rica bOMI c2013 a84 páginas  aDirección y Administración de Empresas aGERENCIA DE PROYECTOS aADMINISTRACIÓN DE PROYECTOS aCONDICIONES SOCIOECONÓMICAS aPOBLACIÓN INDÍGENA aMIGRANTES aALFABETIZACIÓN aFORMACIÓN EMPRESARIAL aDERECHO DE LOS TRABAJADORES aPLANIFICACIÓN ESTRATEGICA aEMPRENDEDURISMO aFODA aTOMA DE DECISIONES aRECURSOS HUMANOS